[Event "Frankfurt Ch 2013"]
[Site "Ffm-Kalbach, LAZ"]
[Date "2013.05.27"]
[Round "4.1"]
[White "Manasek, Martin"]
[Black "Neuhaus, Joachim"]
[Result "0-1"]
[WhiteElo "1285"]
[BlackElo "1389"]
[PlyCount "122"]
[EventDate "2013.??.??"]
[WhiteTeam "Bad Vilbeler Sfr.1985"]
[BlackTeam "SC 1933 Somborn"]

1. d4 d5 2. c4 e5 3. e3 exd4 4. exd4 Nc6 5. Nf3 Bg4 6. Be3 Bb4+ 7. Nc3 Nf6 8.
Be2 Ne4 9. Rc1 Qd7 10. O-O O-O-O 11. Nxd5 Rhe8 12. Nxb4 Nxb4 13. a3 Nc6 14. d5
Ne7 15. Ne5 Bxe2 16. Qxe2 Qf5 17. Nf3 Ng6 18. Nd4 Qd7 19. Nb5 a6 20. Nc3 f5 21.
Nxe4 Rxe4 22. Qf3 Rde8 23. Rfd1 f4 24. Bd2 Nh4 25. Qh5 Qd8 26. Bb4 g5 27. Qg4+
Kb8 28. d6 cxd6 29. Bxd6+ Qxd6 30. g3 f3 31. Qxe4 Qxd1+ 32. Rxd1 Rxe4 33. gxh4
gxh4 34. Rc1 h3 35. b4 Kc7 36. a4 Kd6 37. b5 a5 38. c5+ Kc7 39. Kf1 Rxa4 40.
Ke1 Ra2 41. Rc3 Rb2 42. c6 b6 43. Rxf3 Rxb5 44. Rxh3 Kxc6 45. Rxh7 a4 46. Ra7
Rb1+ 47. Ke2 b5 48. f4 Rb2+ 49. Kf3 Kb6 50. Re7 Rxh2 51. f5 a3 52. f6 Rh8 53.
f7 Rf8 54. Re6+ Ka5 55. Re7 Kb4 56. Ra7 Kb3 57. Ke3 b4 58. Kd4 Kb2 59. Kc4 b3
60. Rb7 Rc8+ 61. Kd3 a2 0-1

[Event "Frankfurt Ch 2013"]
[Site "Ffm-Kalbach, LAZ"]
[Date "2013.05.27"]
[Round "4.2"]
[White "Urbach, Jens"]
[Black "Overkamp, Rüdiger"]
[Result "1-0"]
[WhiteElo "1417"]
[BlackElo "1248"]
[PlyCount "136"]
[EventDate "2013.??.??"]
[WhiteTeam "Sfr. Frankfurt 1921"]
[BlackTeam "SF Heidelberg"]

1. e4 e5 2. Nf3 Nc6 3. d4 exd4 4. Nxd4 Nxd4 5. Qxd4 c5 6. Qe3 Nf6 7. Be2 Be7 8.
c4 d6 9. Nc3 Bg4 10. f3 Be6 11. O-O O-O 12. b3 Qc8 13. Bb2 Bd8 14. Rad1 Qb8 15.
Nb5 Ne8 16. Rd3 a6 17. Nc3 b5 18. Rb1 bxc4 19. bxc4 Bxc4 20. Ba3 Qa7 21. Rd2
Bxe2 22. Rxe2 Rb8 23. Reb2 Rxb2 24. Rxb2 Nf6 25. Rd2 Bc7 26. Nd5 Nxd5 27. exd5
Bb6 28. Kh1 Rb8 29. Re2 Kf8 30. h3 Qc7 31. Qe4 g6 32. Qf4 f5 33. Bb2 Kg8 34.
Qg5 Qd8 35. Qh6 Qf8 36. Qd2 Bc7 37. Qc3 Rxb2 38. Rxb2 Qf7 39. Qe3 Qxd5 40. Qe8+
Kg7 41. Qe7+ Qf7 42. Qxf7+ Kxf7 43. Rb7 Ke6 44. Rxc7 Ke5 45. Rxh7 Kd4 46. Rh4+
Kd3 47. Kg1 d5 48. Ra4 c4 49. Rxa6 d4 50. a4 Kd2 51. Rxg6 c3 52. Rc6 c2 53. a5
c1=Q+ 54. Rxc1 Kxc1 55. a6 d3 56. a7 d2 57. a8=Q d1=Q+ 58. Kh2 Qd6+ 59. f4
Qxf4+ 60. g3 Qd2+ 61. Qg2 Qe3 62. Qf1+ Kd2 63. Qxf5 Ke1 64. Qa5+ Kf2 65. Qa2+
Kf1 66. Qg2+ Ke1 67. Qg1+ Kd2 68. Qxe3+ Kxe3 1-0

[Event "Frankfurt Ch 2013"]
[Site "Ffm-Kalbach, LAZ"]
[Date "2013.05.27"]
[Round "4.3"]
[White "Gelfenbaum, Daniel"]
[Black "Hoffmann, Wolfgang"]
[Result "1-0"]
[WhiteElo "1211"]
[BlackElo "1498"]
[PlyCount "77"]
[EventDate "2013.??.??"]
[WhiteTeam "TuS Makkabi Ffm"]
[BlackTeam "SV Oberhessen Echzell"]

1. e4 c5 2. Nf3 Nc6 3. d4 cxd4 4. Nxd4 e5 5. Nb5 Nf6 6. N1c3 Bc5 7. Bc4 O-O 8.
O-O a6 9. Nd6 b5 10. Nxc8 Rxc8 11. Bd3 d5 12. exd5 Nxd5 13. Nxd5 Nd4 14. Nc3
Qc7 15. Ne2 Rcd8 16. Nxd4 Rxd4 17. Be3 Rd6 18. Qh5 g6 19. Qxe5 Bxe3 20. Qxe3
Re6 21. Qd2 Rfe8 22. Rfe1 Rxe1+ 23. Rxe1 Rxe1+ 24. Qxe1 Qc8 25. Qe5 Qf8 26. Qc3
Qe8 27. Qb4 Qe6 28. b3 Qf6 29. c3 Qd8 30. Qd4 Qe7 31. Kf1 Qc7 32. a4 bxa4 33.
bxa4 Qxh2 34. g3 Qh1+ 35. Ke2 Qb7 36. Qd6 Qb2+ 37. Ke3 a5 38. Qd8+ Kg7 39. Qxa5
1-0

[Event "Frankfurt Ch 2013"]
[Site "Ffm-Kalbach, LAZ"]
[Date "2013.05.27"]
[Round "4.4"]
[White "Wich, Manuela"]
[Black "Richter, Edgar"]
[Result "1-0"]
[WhiteElo "1366"]
[BlackElo "1170"]
[PlyCount "111"]
[EventDate "2013.??.??"]
[WhiteTeam "SV 1920 Hofheim"]
[BlackTeam "SC Bad Nauheim"]

1. e4 e5 2. Nf3 d6 3. Bc4 Bg4 4. d3 Nf6 5. Nbd2 Nbd7 6. Bb3 Nc5 7. h3 Bxf3 8.
Qxf3 Nxb3 9. Nxb3 g6 10. Bg5 Bg7 11. O-O-O O-O 12. g4 h6 13. Be3 b6 14. g5 hxg5
15. Bxg5 Qe7 16. Rdg1 Qe6 17. Bxf6 Qxf6 18. Qxf6 Bxf6 19. h4 Bg7 20. Kd1 Bh6
21. Nd2 Kg7 22. h5 g5 23. Nf3 f6 24. Nh4 Kh7 25. Nf5 Rf7 26. Ke2 Rd8 27. f3 d5
28. Rd1 c5 29. exd5 Rxd5 30. c4 Rd8 31. b3 a5 32. a3 Rfd7 33. Ne3 Rf7 34. Nf5
Rfd7 35. Rhg1 Rg8 36. Rb1 Bf8 37. Rbd1 Rb7 38. a4 Rd7 39. Ne3 Be7 40. Nf5 Bd8
41. Rg2 Bc7 42. Ne3 Rd4 43. Ng4 Bd8 44. Rh1 Be7 45. Ne3 Rgd8 46. Rd1 R8d7 47.
Rg4 Bd8 48. Nf5 Bc7 49. Rxd4 exd4 50. Kf2 Be5 51. Kg2 Rd8 52. Re1 Bf4 53. Re7+
Kg8 54. h6 Rf8 55. Rg7+ Kh8 56. Ne7 1-0

[Event "Frankfurt Ch 2013"]
[Site "Ffm-Kalbach, LAZ"]
[Date "2013.05.27"]
[Round "4.6"]
[White "Dolaberidze, Nico"]
[Black "Mook, Karl-Jürgen"]
[Result "1/2-1/2"]
[WhiteElo "792"]
[BlackElo "1289"]
[PlyCount "148"]
[EventDate "2013.??.??"]
[WhiteTeam "TuS Makkabi Ffm"]
[BlackTeam "Sfr. Frankfurt 1921"]

1. e4 e5 2. Bc4 Nf6 3. Nc3 Bc5 4. d3 Nc6 5. Nf3 O-O 6. O-O a6 7. a3 Ne7 8. Bg5
Ng6 9. b4 Ba7 10. Ne2 h6 11. Bxf6 Qxf6 12. Ng3 d6 13. Nh5 Qe7 14. a4 Bg4 15.
Ng3 Qf6 16. b5 Nh4 17. Nf5 Nxf3+ 18. gxf3 Bxf5 19. exf5 axb5 20. axb5 Bb6 21.
Rxa8 Rxa8 22. Bd5 Ra7 23. Be4 Qg5+ 24. Kh1 Qh4 25. Qe2 Bd4 26. Kg2 Qg5+ 27. Kh3
Qf4 28. Rg1 Kf8 29. Qf1 Ra1 30. Qg2 Rxg1 31. Qxg1 b6 32. c4 Qd2 33. Kg2 Bc3 34.
Qf1 Qe1 35. Qxe1 Bxe1 36. Kf1 Bd2 37. Ke2 Bf4 38. h4 Ke7 39. Kf1 Kf6 40. Kg2 g6
41. fxg6 fxg6 42. Kh3 h5 43. Kg2 g5 44. Kh3 Bd2 45. hxg5+ Kxg5 46. Kg2 Kh4 47.
Kh2 Be1 48. Kg2 Bd2 49. Bd5 Bc3 50. Be4 Bd4 51. Bd5 Kg5 52. Kg3 h4+ 53. Kg2 Kf4
54. Be4 Kg5 55. Bd5 h3+ 56. Kxh3 Bxf2 57. Kg2 Bh4 58. Be4 Kf4 59. Kh3 Bg5 60.
Bd5 Ke3 61. Be4 Bd8 62. Kg4 Be7 63. Kf5 Kd4 64. Ke6 Bg5 65. Kd7 Kc5 66. Kxc7
Be3 67. Kd7 Bf2 68. Ke6 Be3 69. Bd5 Bf2 70. Kf5 Bg3 71. Ke4 Bf2 72. f4 exf4 73.
Kxf4 Bg1 74. Ke4 Bf2 1/2-1/2

[Event "Frankfurt Ch 2013"]
[Site "Ffm-Kalbach, LAZ"]
[Date "2013.05.27"]
[Round "4.7"]
[White "Paulicks, Frank"]
[Black "Dröser, Wolfgang"]
[Result "1-0"]
[WhiteElo "1161"]
[BlackElo "1201"]
[PlyCount "102"]
[EventDate "2013.??.??"]
[WhiteTeam "SV Oberhessen Echzell"]
[BlackTeam "Sfr. Frankfurt 1921"]

1. e4 d6 2. d4 g6 3. Nf3 Bg7 4. Nc3 a6 5. Be2 b6 6. Be3 e6 7. Qd2 h6 8. O-O Bb7
9. e5 d5 10. a4 a5 11. Rfe1 c6 12. Bf4 g5 13. Bg3 Ne7 14. Qc1 Qc7 15. Nd2 Nf5
16. Nf3 Nd7 17. Bd3 Ne7 18. Nd2 Qc8 19. f4 Ba6 20. Bxa6 Qxa6 21. Nf3 g4 22. Nh4
h5 23. Rf1 O-O-O 24. f5 exf5 25. Nxf5 Nxf5 26. Rxf5 Rdf8 27. Qf4 Bh6 28. Qf2
Bg7 29. Rxf7 Bh6 30. Qf5 Rxf7 31. Qxf7 Rf8 32. Qg6 Be3+ 33. Bf2 Bxf2+ 34. Kh1
Bxd4 35. Qxc6+ Kd8 36. Nb5 Bxe5 37. Qxd5 Bxb2 38. Rd1 Qc8 39. Na7 Qc7 40. Nc6+
Kc8 41. Ne7+ Kd8 42. Nc6+ Kc8 43. Qe6 Kb7 44. Nxa5+ bxa5 45. Rb1 Ka7 46. Qe3+
Nb6 47. Kg1 Bf6 48. Qd2 Qc5+ 49. Kf1 Rd8 50. Qe2 Nxa4 51. Qe4 Nc3 1-0

[Event "Frankfurt Ch 2013"]
[Site "Ffm-Kalbach, LAZ"]
[Date "2013.05.27"]
[Round "4.8"]
[White "Hartwig, Horst"]
[Black "Peschk, Kathrin"]
[Result "0-1"]
[WhiteElo "1201"]
[BlackElo "1068"]
[PlyCount "120"]
[EventDate "2013.??.??"]
[WhiteTeam "TuS Hausen"]
[BlackTeam "SV 1946 Groß-Gerau"]

1. e4 e5 2. Nf3 Nc6 3. Bb5 Bc5 4. O-O Nf6 5. d3 O-O 6. Bxc6 dxc6 7. Nxe5 Re8 8.
Nc4 Be6 9. Ne3 Qe7 10. Qe2 Bd6 11. Nc3 b5 12. Qf3 Qd7 13. h3 Rad8 14. Ne2 a5
15. b3 c5 16. Bb2 Be7 17. Nf4 c6 18. Rad1 Qc8 19. Nh5 Nxh5 20. Qxh5 g6 21. Qf3
Rf8 22. Bf6 Rd7 23. e5 Bd8 24. Qf4 Bxf6 25. Qxf6 Qd8 26. Qf3 Qg5 27. Qg3 Qxg3
28. fxg3 Ra8 29. Ng4 Kg7 30. Rf4 a4 31. Nf6 Rdd8 32. c4 axb3 33. axb3 Ra3 34.
Rb1 Rxd3 35. cxb5 cxb5 36. Rf3 Rxf3 37. gxf3 Rxb3 38. Rxb3 Bxb3 39. Ne4 c4 40.
Kf1 b4 41. Ke1 c3 42. Ke2 Bc4+ 43. Ke1 Bd3 44. Nc5 Bc2 45. Ke2 b3 46. Na4 b2
47. Nxc3 b1=Q 48. Nxb1 Bxb1 49. Ke3 Kf8 50. Kd4 Ke7 51. f4 Ke6 52. g4 f6 53.
exf6 Kxf6 54. Kd5 h6 55. h4 Ba2+ 56. Kd4 h5 57. gxh5 gxh5 58. Ke4 Bb1+ 59. Kf3
Kf5 60. Kg3 Be4 0-1

[Event "Frankfurt Ch 2013"]
[Site "Ffm-Kalbach, LAZ"]
[Date "2013.05.27"]
[Round "4.10"]
[White "Wachter, Peter"]
[Black "Winter, Thomas"]
[Result "0-1"]
[WhiteElo "931"]
[BlackElo "1093"]
[PlyCount "98"]
[EventDate "2013.??.??"]
[WhiteTeam "Bad Vilbeler Sfr.1985"]
[BlackTeam "SC Steinbach"]

1. e4 c5 2. Bc4 e6 3. Nc3 a6 4. e5 b5 5. Be2 Nc6 6. Bf3 Bb7 7. Bxc6 Bxc6 8. Nf3
Qc7 9. d3 Bxf3 10. Qxf3 Qxe5+ 11. Be3 Rc8 12. O-O Qc7 13. Ne4 Be7 14. c4 Nf6
15. Bg5 Nxe4 16. Bxe7 Nd6 17. Bxd6 Qxd6 18. b3 O-O 19. Rfe1 Rfe8 20. Re3 Qc6
21. Qh5 Re7 22. Rg3 d5 23. Rh3 h6 24. Rg3 Kh7 25. Qh4 Qd6 26. Qg4 Qe5 27. Rb1
Rg8 28. Re3 Qd6 29. cxd5 Qxd5 30. Qe4+ Qxe4 31. Rxe4 Rd8 32. Re3 Red7 33. Rd1
Rd5 34. Kf1 e5 35. f3 f5 36. Ke2 Kg6 37. g3 Kf6 38. Rd2 Rd4 39. a3 a5 40. Rc2
Rc8 41. h3 Ke6 42. f4 e4 43. dxe4 fxe4 44. Rec3 Kd5 45. Rd2 Rxd2+ 46. Kxd2 Kd4
47. Rc1 c4 48. Ke2 Rc5 49. g4 cxb3 0-1